La segunda época de Juan Ramón Jiménez. Cincuenta poemas comentados
Gardado en:
| Autor Principal: | |
|---|---|
| Formato: | Libro |
| Idioma: | Undetermined |
| Publicado: |
Madrid, España
Gredos
1963
|
| Materias: | |
| Etiquetas: |
Engadir etiqueta
Sen Etiquetas, Sexa o primeiro en etiquetar este rexistro!
|
MARC
| LEADER | 00000nam a2200000Ia 4500 | ||
|---|---|---|---|
| 008 | 170316s9999 xx 000 0 und d | ||
| 040 | |a cru BVZT | ||
| 090 | |a C-862 S-6se | ||
| 100 | |a Sánchez-Barbudo, Antonio | ||
| 245 | |a La segunda época de Juan Ramón Jiménez. Cincuenta poemas comentados | ||
| 260 | |a Madrid, España | ||
| 260 | |b Gredos | ||
| 260 | |c 1963 | ||
| 300 | |a 190 páginas | ||
| 650 | |a LITERATURA ESPAÑOLA | ||
| 650 | |a CRÍTICA | ||
| 999 | |c 13199 |d 13199 | ||
| 942 | |c 15 D |h C-862 S-6se |2 z | ||
